000 00862cab a2200289 4500
001 WB3011-15
008 090401t1994 xxu||||| |||| 00| 0 eng d
035 _a(Sirsi) u4583
041 _aeng
245 _aEnvironmentally Sensitive Areas
260 _c1994
350 _a0
490 _aDaily Telegraph
_v17 March 1994, 4
490 _aMAFF News Release
_v(100/94) 16 March 1994 (7)
520 _aSix new ESAs have been designated and farmers within them are to be granted further subsidies toward conservation.
650 _aBLACKDOWN HILLS
650 _aCOTSWOLD HILLS
650 _aDARTMOOR
650 _aENVIRONMENTALLY SENSITIVE AREAS
650 _aLANDSCAPE CONSERVATION
650 _aSHROPSHIRE HILLS
650 _aUPPER THAMES TRIBUTARIES
690 _aCONSERVATION
690 _aRURAL PRACTICE
942 _n0
948 _c04/03/1997
999 _c2771
_d2771